Belgická příručka prostorového plánování.
Výklad niektorých pojmov týkajúcich sa organizácie priestorového plánovania vo Valónsku, vybraných z publikácie A. Lienarda "Príručka priestorového plánovania". Objasňujú sa pojmy ako priestorové plánovanie a urbanizmus, rozdelenie právomoci vo Valónsku, druhy priestorových plánov, regiónalne plánov...
Uložené v:
| Hlavný autor: | |
|---|---|
| Médium: | Kapitola |
| Jazyk: | Czech |
| Predmet: | |
| Tagy: |
Žiadne tagy, Buďte prvý, kto otaguje tento záznam!
|
MARC
| LEADER | 00000naa a2200000 4500 | ||
|---|---|---|---|
| 001 | r005735 | ||
| 005 | 20221125081522.8 | ||
| 041 | 0 | |a cze | |
| 044 | |a [CS] | ||
| 245 | 1 | 0 | |a Belgická příručka prostorového plánování. |c J. Hrůza |
| 520 | |a Výklad niektorých pojmov týkajúcich sa organizácie priestorového plánovania vo Valónsku, vybraných z publikácie A. Lienarda "Príručka priestorového plánovania". Objasňujú sa pojmy ako priestorové plánovanie a urbanizmus, rozdelenie právomoci vo Valónsku, druhy priestorových plánov, regiónalne plánovacie komisie, zaobstarávanie priestorových plánov pre obce. | ||
| 610 | 2 | 0 | |a plánovanie územné |
| 610 | 2 | 0 | |a Belgicko |
| 610 | 2 | 0 | |a Lienard, A. |
| 610 | 2 | 0 | |a príručky |
| 610 | 2 | 0 | |a urbanizmus |
| 610 | 2 | 0 | |a právomoc |
| 610 | 2 | 0 | |a plán územný |
| 610 | 2 | 0 | |a obce |
| 100 | 1 | |a Hrůza, J. | |